[Event "DVM U14w 2020"]
[Site "Willingen GER"]
[Date "2021.06.26"]
[Round "5"]
[White "Neininger, Sarah"]
[Black "Symanski, Linda"]
[Result "1-0"]
[Termination "normal"]
[Board "9.2"]
[WhiteElo "1469"]
[BlackElo "1012"]
[WhiteTeam "SV Oberursel"]
[BlackTeam "Schachfreunde Essen-Werden"]
[PlyCount "125"]
[WhiteFideId "16287410"]
[BlackFideId "16284534"]
[EventCountry "GER"]
[EventRounds "7"]
[EventType "team-swiss"]
[EventDate "2021.06.23"]

{[%evp 0,86,24,17,37,46,46,13,23,26,52,65,81,59,59,27,25,0,28,17,25,20,7,14,57,
-37,26,17,448,398,425,289,435,511,643,641,661,659,674,661,664,656,712,652,661,
565,590,497,505,441,441,441,462,472,530,465,468,502,499,460,609,415,460,389,
389,331,534,408,502,409,494,239,259,260,285,274,299,209,206,162,390,279,276,
163,131,135,391,368,502] normal} 1. e4 d5 2. exd5 Nf6 3. Bb5+ Bd7 4. Bc4 Bf5 5.
Nc3 Nbd7 6. Nge2 Nb6 7. Bb3 Nbxd5 8. Nxd5 Nxd5 9. d4 e6 10. O-O Bd6 11. Ng3 Qh4
12. Qf3 Bg4 13. Qe4 f5 14. Qxe6+ Ne7 15. f4 Bh5 16. Nxf5 Qf6 17. Qxf6 gxf6 18.
Ng7+ Kd8 19. Nxh5 f5 20. c4 Nc6 21. Be3 Re8 22. Rae1 Bb4 23. Nf6 Re6 24. Nxh7
Bxe1 25. Rxe1 Re7 26. Ng5 Nb4 27. Bd2 Rxe1+ 28. Bxe1 Nd3 29. Bd2 Nxb2 30. h4
Ke7 31. Bc3 Nd3 32. g3 Kf6 33. Bd2 Rd8 34. Bc3 Kg6 35. g4 Nxf4 36. gxf5+ Kxf5
37. Kf2 Kg4 38. Bd2 Rxd4 39. Nf3 Re4 40. Bd1 Nd3+ 41. Kg1 Kg3 42. h5 Nf2 43.
Be1 Rg4 44. Bxf2+ Kf4+ 45. Kf1 Kf5 46. Nd4+ Rxd4 47. Bxd4 Kg5 48. Be3+ Kf6 49.
h6 Kf7 50. h7 Kg7 51. Bc2 Kf6 52. h8=Q+ Ke7 53. Kf2 Kd6 54. Qd4+ Ke6 55. Qxa7
Ke5 56. Qxb7 c6 57. Qc7+ Ke6 58. Qxc6+ Ke5 59. Qd5+ Kf6 60. Bg5+ Kg7 61. Qe5+
Kg8 62. Qe7 Kh8 63. Qh7# 1-0

[Event "DVM U14w 2020"]
[Site "Willingen GER"]
[Date "2021.06.26"]
[Round "5"]
[White "Claussen, Daniela"]
[Black "Richter, Johanna"]
[Result "1-0"]
[Termination "normal"]
[Board "9.3"]
[WhiteElo "992"]
[BlackElo "1178"]
[WhiteTeam "Schachfreunde Essen-Werden"]
[BlackTeam "SV Oberursel"]
[PlyCount "99"]
[WhiteFideId "16248929"]
[BlackFideId "16278925"]
[EventCountry "GER"]
[EventRounds "7"]
[EventType "team-swiss"]
[EventDate "2021.06.23"]

{normal} 1. e3 Nf6 2. b3 g6 3. Bb2 Bg7 4. Nf3 O-O 5. Be2 c5 6. O-O Nc6 7. d3 d6
8. Nbd2 e6 9. d4 cxd4 10. exd4 Re8 11. Bb5 Bd7 12. Re1 a6 13. Bxc6 Bxc6 14. c4
b5 15. c5 Qe7 16. Rc1 Rac8 17. h3 dxc5 18. dxc5 Bxf3 19. Nxf3 Rxc5 20. Rxc5
Qxc5 21. Qc1 Qxc1 22. Rxc1 Bh6 23. Rc6 Bg7 24. Rxa6 Rc8 25. Rb6 Nd5 26. Rxb5
Bxb2 27. a4 Bc3 28. Rb7 Ra8 29. Ng5 Be5 30. Nxf7 Rb8 31. Ra7 Bd4 32. Rd7 Kf8
33. Ng5 Ke8 34. Rxh7 Rxb3 35. Nxe6 Be5 36. g3 Rb1+ 37. Kg2 Rb2 38. h4 Ne3+ 39.
Kf3 Nf5 40. a5 Rb3+ 41. Kg4 Nxg3 42. Kg5 Ne4+ 43. Kxg6 Nxf2 44. a6 Rg3+ 45. Kf5
Bd6 46. a7 Rf3+ 47. Kg5 Rg3+ 48. Kh5 Rg5+ 49. Kxg5 Bf4+ 50. Kf5 1-0

[Event "DVM U14w 2020"]
[Site "Willingen GER"]
[Date "2021.06.26"]
[Round "5"]
[White "Weyerer, Elea"]
[Black "Blume, Louisa"]
[Result "0-1"]
[Termination "normal"]
[Board "9.4"]
[WhiteElo "768"]
[BlackElo "798"]
[WhiteTeam "SV Oberursel"]
[BlackTeam "Schachfreunde Essen-Werden"]
[PlyCount "128"]
[WhiteFideId "34605770"]
[BlackFideId "34605746"]
[EventCountry "GER"]
[EventRounds "7"]
[EventType "team-swiss"]
[EventDate "2021.06.23"]

{[%evp 0,94,24,17,37,35,45,21,21,14,58,3,6,-11,-13,-33,4,-31,-18,-15,-11,-27,2,
-62,-14,-74,-60,-43,41,41,-7,-66,232,277,490,252,241,260,410,208,389,29,70,7,
61,40,90,-50,-46,-81,22,-2,2,0,3,-447,-455,-559,-453,-670,-480,-490,-475,-683,
-507,-652,-667,-848,-697,-749,-370,-379,-398,-407,-404,-466,-333,-446,-478,
-511,-515,-559,-561,-581,-497,-534,-550,-550,-539,-582,-588,-706,-786,-1444,
-1458,-1532,-1760] normal} 1. e4 e6 2. Nf3 d5 3. exd5 exd5 4. d4 Nc6 5. Be2
Bb4+ 6. c3 Bd6 7. Nbd2 Bf5 8. O-O Nf6 9. Re1 O-O 10. Nf1 Ne4 11. N1d2 Qd7 12.
Bd3 Rfe8 13. Qc2 Re7 14. Nxe4 dxe4 15. Bxe4 Be6 16. d5 Rae8 17. Bd2 Bxd5 18.
Bxd5 Bc5 19. Ng5 g6 20. Nxf7 Qxd5 21. Rxe7 Rxe7 22. Nh6+ Kg7 23. c4 Qe4 24.
Qc3+ Qd4 25. Qxd4+ Bxd4 26. Ng4 b6 27. b3 Bxa1 28. g3 Ne5 29. Bb4 Re8 30. Nxe5
Rxe5 31. f4 Re4 32. Kg2 Re2+ 33. Kh1 Rxa2 34. c5 Rb2 35. Bc3+ Kf7 36. Bxb2 Bxb2
37. Kg2 Bd4 38. Kf1 Bxc5 39. Ke1 a5 40. Kd1 b5 41. Kc2 a4 42. bxa4 bxa4 43. Kb2
a3+ 44. Ka2 Ke6 45. Ka1 Kf5 46. h4 Kg4 47. Ka2 Bd6 48. Ka1 Kxg3 49. h5 Kxf4 50.
hxg6 hxg6 51. Ka2 g5 52. Ka1 g4 53. Ka2 g3 54. Ka1 g2 55. Ka2 g1=Q 56. Kb3 Qb1+
57. Kc4 a2 58. Kd5 c6+ 59. Kc4 a1=R 60. Kd4 Qb5 61. Kc3 Ra4 62. Kd2 Qb3 63. Ke2
Ra2+ 64. Ke1 Qb1# 0-1

[Event "DVM U16 2020"]
[Site "Willingen GER"]
[Date "2021.06.24"]
[Round "1"]
[White "Danninger, Jannik"]
[Black "Weihrauch, Jakob"]
[Result "0-1"]
[Termination "normal"]
[Board "1.1"]
[WhiteElo "1921"]
[BlackElo "2146"]
[WhiteClock "00:01:59"]
[BlackClock "00:11:09"]
[WhiteTeam "TV Tegernsee"]
[BlackTeam "Hamburger SK von 1830"]
[PlyCount "70"]
[WhiteFideId "16226402"]
[BlackFideId "16210115"]
[EventCountry "GER"]
[EventRounds "7"]
[EventType "team-swiss"]
[EventDate "2021.06.23"]

1. e4 {[%clk 1:30:57]} c5 {[%clk 1:30:34]} 2. Nf3 {[%clk 1:31:15]} d6 {[%clk
1:30:58]} 3. d4 {[%clk 1:31:13]} cxd4 4. Nxd4 {[%clk 1:31:22]} Nf6 {[%clk
1:31:36]} 5. Nc3 {[%clk 1:31:22]} a6 {[%clk 1:31:47]} 6. Be2 {[%clk 1:27:04]}
e5 {[%clk 1:32:11]} 7. Nb3 {[%clk 1:26:38]} Be7 {[%clk 1:31:30]} 8. O-O {[%clk
1:26:27]} O-O {[%clk 1:31:17]} 9. f4 {[%clk 1:24:40]} Nbd7 {[%clk 1:15:09]} 10.
f5 {[%clk 1:22:14]} b5 {[%clk 1:15:02]} 11. Bf3 {[%clk 1:20:42]} b4 {[%clk
1:13:49]} 12. Nd5 {[%clk 1:16:35]} Nxd5 {[%clk 1:12:19]} 13. Qxd5 {[%clk
1:15:07]} Qb6+ {[%clk 1:02:02]} 14. Kh1 {[%clk 1:09:20]} Bb7 {[%clk 1:02:14]}
15. Qd3 {[%clk 1:03:17]} a5 {[%clk 0:56:31]} 16. Be3 {[%clk 1:00:24]} Qc7
{[%clk 0:53:18]} 17. Rf2 {[%clk 0:51:23]} a4 {[%clk 0:52:14]} 18. Nc1 {[%clk
0:49:00]} Rfc8 {[%clk 0:47:03]} 19. Qb5 {[%clk 0:31:30]} a3 {[%clk 0:33:34]}
20. Qxb4 {[%clk 0:28:58]} d5 {[%clk 0:30:55]} 21. Qxe7 {[%clk 0:21:10]} axb2
{[%clk 0:31:04]} 22. Rb1 {[%clk 0:20:36]} bxc1=Q+ {[%clk 0:29:01]} 23. Bxc1
{[%clk 0:20:21]} dxe4 {[%clk 0:24:24]} 24. Bh5 {[%clk 0:13:10]} Bd5 {[%clk
0:20:46]} 25. c4 {[%clk 0:11:11]} Qxc4 {[%clk 0:16:57]} 26. Qxd7 {[%clk
0:10:36]} Qxc1+ {[%clk 0:15:02]} 27. Rf1 {[%clk 0:10:57]} Qc6 {[%clk 0:13:42]}
28. Qe7 {[%clk 0:09:02]} e3 {[%clk 0:11:22]} 29. Qg5 {[%clk 0:05:21]} Rxa2
{[%clk 0:09:29]} 30. f6 {[%clk 0:03:30]} Rxg2 {[%clk 0:09:15]} 31. Bxf7+ {[%clk
0:03:53]} Bxf7 {[%clk 0:09:41]} 32. Qxg2 {[%clk 0:02:51]} Bd5 {[%clk 0:10:06]}
33. f7+ {[%clk 0:01:47]} Kf8 {[%clk 0:10:30]} 34. Qxd5 {[%clk 0:01:38]} Qxd5+
{[%clk 0:10:55]} 35. Kg1 {[%clk 0:01:59]} e2 {[%clk 0:11:09]} 0-1

[Event "DVM U16 2020"]
[Site "Willingen GER"]
[Date "2021.06.24"]
[Round "1"]
[White "Kotyk, Michael"]
[Black "Dietlmeier, Tobias"]
[Result "1-0"]
[Termination "normal"]
[Board "1.2"]
[WhiteElo "1960"]
[BlackElo "1818"]
[WhiteTeam "Hamburger SK von 1830"]
[BlackTeam "TV Tegernsee"]
[PlyCount "71"]
[WhiteFideId "16214501"]
[BlackFideId "16213963"]
[EventCountry "GER"]
[EventRounds "7"]
[EventType "team-swiss"]
[EventDate "2021.06.23"]

{[%evp 0,71,20,20,15,-11,45,45,90,70,67,66,64,64,52,51,50,50,51,36,-11,41,41,
41,41,31,55,42,23,-8,41,18,123,212,164,117,152,175,152,106,108,91,66,49,153,
146,143,147,143,145,193,179,235,242,289,290,318,277,289,286,289,268,277,265,
272,274,283,277,340,265,330,356,363,368]} 1. d4 Nf6 2. c4 g6 3. Nc3 d5 4. cxd5
Nxd5 5. e4 Nxc3 6. bxc3 Bg7 7. Nf3 c5 8. Be3 Nc6 9. Qd2 Bg4 10. d5 Qa5 11. Rc1
Rd8 12. Be2 e6 13. h3 exd5 14. exd5 Bf5 15. Bg5 Ne7 16. d6 f6 17. Bf4 Nc6 18.
Qd5 Qa4 19. Be3 Qe4 20. Qxe4+ Bxe4 21. Bxc5 Bxf3 22. Bxf3 Ne5 23. Be2 O-O 24.
O-O Rfe8 25. Bb5 Nd7 26. Bxa7 Bf8 27. Rfd1 Kg7 28. Be3 Re5 29. c4 Nc5 30. Bd4
Rxd6 31. Bxe5 fxe5 32. Rxd6 Bxd6 33. Rd1 Ne4 34. Kf1 Bc5 35. Rd7+ Kf6 36. Rxb7
1-0

[Event "DVM U16 2020"]
[Site "Willingen GER"]
[Date "2021.06.24"]
[Round "1"]
[White "Fromm, Marius"]
[Black "Burgtorf, Benjamin"]
[Result "1-0"]
[Termination "normal"]
[Board "2.1"]
[WhiteElo "2297"]
[BlackElo "1773"]
[WhiteClock "00:08:22"]
[BlackClock "00:02:58"]
[WhiteTeam "Greifswalder SV"]
[BlackTeam "SchVgg Blankenese von 1923 e.V."]
[PlyCount "89"]
[WhiteFideId "12993190"]
[BlackFideId "16242920"]
[EventCountry "GER"]
[EventRounds "7"]
[EventType "team-swiss"]
[EventDate "2021.06.23"]

{[%evp 0,89,20,25,46,39,39,39,43,40,19,17,20,22,22,18,61,63,56,68,70,16,19,23,
16,5,16,28,33,14,69,76,65,49,10,0,35,16,0,-15,-24,-20,-14,-49,-30,-83,0,-6,7,
-34,17,24,0,2,-12,-10,87,68,174,167,166,98,134,67,76,40,123,124,157,102,182,
144,364,284,290,272,274,274,274,274,274,268,327,335,328,325,619,591,610,618,
800,893]} 1. e4 e6 2. d4 d5 3. Nc3 Bb4 4. e5 c5 5. a3 Bxc3+ 6. bxc3 Ne7 7. Qg4
Qc7 8. Qxg7 Rg8 9. Qxh7 cxd4 10. Qd3 Qxe5+ 11. Ne2 dxc3 12. Qxc3 Qxc3+ 13. Nxc3
Nbc6 14. Rb1 f6 15. h4 e5 16. g3 b6 17. Nb5 Kd8 18. Bg2 Bf5 19. Rb2 Kd7 20. O-O
Rac8 21. Rd1 Ke6 22. a4 Rgd8 23. Bd2 Rd7 24. f3 Nd8 25. Rc1 Rc4 26. g4 Bh7 27.
a5 a6 28. Na3 b5 29. Nxc4 dxc4 30. Be1 Ndc6 31. Kf2 Nd5 32. Bf1 Kd6 33. Rd1 Kc5
34. c3 Rd6 35. Kg3 Nxa5 36. Ra2 Nb7 37. Bf2+ Kc6 38. Rxa6+ Kc7 39. Ra7 Bd3 40.
Ra3 Bh7 41. h5 Rd7 42. Ra6 Bd3 43. Bxd3 Nxc3 44. Bb6+ Kc6 45. Bd4+ 1-0

[Event "DVM U16 2020"]
[Site "Willingen GER"]
[Date "2021.06.24"]
[Round "1"]
[White "von Rosen, Jakob"]
[Black "Troyke, Jannis"]
[Result "1-0"]
[Termination "normal"]
[Board "2.2"]
[WhiteElo "1722"]
[BlackElo "1911"]
[WhiteClock "00:50:29"]
[BlackClock "00:17:22"]
[WhiteTeam "SchVgg Blankenese von 1923 e.V."]
[BlackTeam "Greifswalder SV"]
[PlyCount "45"]
[WhiteFideId "12982989"]
[BlackFideId "12993115"]
[EventCountry "GER"]
[EventRounds "7"]
[EventType "team-swiss"]
[EventDate "2021.06.23"]

1. e4 {[%clk 1:30:55]} c5 {[%clk 1:30:55]} 2. Nf3 {[%clk 1:31:18]} d6 {[%clk
1:31:21]} 3. d4 {[%clk 1:31:39]} cxd4 {[%clk 1:31:47]} 4. Nxd4 {[%clk 1:31:56]}
Nf6 {[%clk 1:32:12]} 5. Nc3 {[%clk 1:32:14]} g6 {[%clk 1:32:34]} 6. Be3 {[%clk
1:32:30]} Bg7 {[%clk 1:32:59]} 7. f3 {[%clk 1:32:31]} O-O {[%clk 1:33:22]} 8.
Qd2 {[%clk 1:32:34]} Nc6 {[%clk 1:33:17]} 9. O-O-O {[%clk 1:32:45]} d5 {[%clk
1:33:44]} 10. Nxc6 {[%clk 1:32:39]} bxc6 {[%clk 1:34:05]} 11. exd5 {[%clk
1:32:52]} Nxd5 {[%clk 1:34:23]} 12. Nxd5 {[%clk 1:32:33]} cxd5 {[%clk 1:34:28]}
13. Qxd5 {[%clk 1:32:48]} Qc7 {[%clk 1:34:53]} 14. Qc5 {[%clk 1:32:22]} Qb7
{[%clk 1:35:17]} 15. Qa3 {[%clk 1:32:10]} Rb8 {[%clk 1:25:05]} 16. b3 {[%clk
1:31:08]} a5 {[%clk 1:02:12]} 17. Bd3 {[%clk 1:20:15]} Qc7 {[%clk 0:41:53]} 18.
Qc5 {[%clk 1:13:14]} Qb7 {[%clk 0:28:24]} 19. Be4 {[%clk 1:10:48]} Qa6 {[%clk
0:26:33]} 20. Bd4 {[%clk 0:55:17]} Bh6+ {[%clk 0:21:25]} 21. Kb1 {[%clk
0:53:44]} a4 {[%clk 0:16:58]} 22. Qe5 {[%clk 0:51:31]} f6 {[%clk 0:17:22]} 23.
Qxb8 {[%clk 0:50:29]} 1-0

[Event "DVM U16 2020"]
[Site "Willingen GER"]
[Date "2021.06.24"]
[Round "1"]
[White "Kallweit, Paul"]
[Black "Sell, Eero"]
[Result "1/2-1/2"]
[Termination "normal"]
[Board "2.3"]
[WhiteElo "1832"]
[BlackElo "1766"]
[WhiteClock "00:23:06"]
[BlackClock "00:14:33"]
[WhiteTeam "Greifswalder SV"]
[BlackTeam "SchVgg Blankenese von 1923 e.V."]
[PlyCount "120"]
[WhiteFideId "16228081"]
[BlackFideId "34606041"]
[EventCountry "GER"]
[EventRounds "7"]
[EventType "team-swiss"]
[EventDate "2021.06.23"]

1. d4 {[%clk 1:30:54]} g6 {[%clk 1:30:56]} 2. e4 {[%clk 1:27:00]} Bg7 {[%clk
1:31:08]} 3. Nf3 {[%clk 1:26:30]} c5 {[%clk 1:30:55]} 4. d5 {[%clk 1:20:10]} d6
{[%clk 1:30:56]} 5. c4 {[%clk 1:18:46]} e6 {[%clk 1:30:38]} 6. Be2 {[%clk
1:16:52]} exd5 {[%clk 1:29:59]} 7. cxd5 {[%clk 1:15:16]} a6 {[%clk 1:29:00]} 8.
a4 {[%clk 1:13:44]} Ne7 {[%clk 1:26:46]} 9. O-O {[%clk 1:06:49]} O-O {[%clk
1:19:49]} 10. Nc3 {[%clk 0:54:20]} Bg4 {[%clk 1:14:27]} 11. Re1 {[%clk
0:47:17]} Nd7 {[%clk 1:01:44]} 12. Nd2 {[%clk 0:41:56]} Bxe2 {[%clk 1:00:29]}
13. Qxe2 {[%clk 0:41:07]} f5 {[%clk 0:53:11]} 14. Nf3 {[%clk 0:35:44]} Nf6
{[%clk 0:43:45]} 15. Ng5 {[%clk 0:29:00]} Re8 {[%clk 0:31:07]} 16. Ne6 {[%clk
0:28:10]} Qd7 {[%clk 0:29:21]} 17. f3 {[%clk 0:27:38]} Nc6 {[%clk 0:17:51]} 18.
dxc6 {[%clk 0:19:34]} Qxe6 {[%clk 0:18:15]} 19. cxb7 {[%clk 0:19:56]} Rab8
{[%clk 0:17:24]} 20. Qxa6 {[%clk 0:14:28]} fxe4 {[%clk 0:15:35]} 21. Bf4 {[%clk
0:12:21]} Qb3 {[%clk 0:12:24]} 22. Qb5 {[%clk 0:11:44]} Rxb7 {[%clk 0:11:35]}
23. Qxb3+ {[%clk 0:08:30]} Rxb3 {[%clk 0:11:57]} 24. Bxd6 {[%clk 0:06:50]} Rxb2
{[%clk 0:11:27]} 25. Nxe4 {[%clk 0:05:47]} Nxe4 {[%clk 0:10:53]} 26. fxe4
{[%clk 0:05:01]} Rd2 {[%clk 0:07:32]} 27. e5 {[%clk 0:05:30]} Kf7 {[%clk
0:05:34]} 28. Rab1 {[%clk 0:02:54]} Rd5 {[%clk 0:02:58]} 29. Red1 {[%clk
0:02:10]} Rxd1+ {[%clk 0:03:03]} 30. Rxd1 {[%clk 0:02:38]} Bxe5 {[%clk
0:03:22]} 31. Bxc5 {[%clk 0:02:56]} Ke6 {[%clk 0:01:33]} 32. a5 {[%clk
0:03:05]} Ra8 {[%clk 0:01:08]} 33. Bb6 {[%clk 0:03:22]} Bc3 {[%clk 0:01:20]}
34. Rd8 {[%clk 0:03:17]} Ra6 {[%clk 0:01:24]} 35. Re8+ {[%clk 0:02:17]} Kf7
{[%clk 0:01:24]} 36. Rb8 {[%clk 0:01:28]} Bxa5 {[%clk 0:00:51]} 37. Rb7+ {[%clk
0:01:53]} Kg8 {[%clk 0:01:10]} 38. Bd4 {[%clk 0:01:59]} h5 {[%clk 0:00:46]} 39.
Kf2 {[%clk 0:01:57]} Rd6 {[%clk 0:00:35]} 40. Ke3 {[%clk 0:01:51]} Bd2+ {[%clk
0:00:32]} 41. Ke4 {[%clk 0:01:43]} Ra6 {[%clk 0:27:04]} 42. Rg7+ {[%clk
0:27:02]} Kf8 {[%clk 0:27:25]} 43. Rd7 {[%clk 0:27:15]} Bg5 {[%clk 0:25:37]}
44. Rb7 {[%clk 0:26:23]} Bf6 {[%clk 0:23:58]} 45. Rb8+ {[%clk 0:20:40]} Kf7
{[%clk 0:23:13]} 46. Rb7+ {[%clk 0:20:28]} Kg8 {[%clk 0:22:14]} 47. Rb6 {[%clk
0:20:11]} Rxb6 {[%clk 0:22:11]} 48. Bxb6 {[%clk 0:20:35]} Kf7 {[%clk 0:22:25]}
49. Kd5 {[%clk 0:21:00]} g5 {[%clk 0:22:12]} 50. Bc7 {[%clk 0:21:17]} Kg6
{[%clk 0:22:08]} 51. Ke6 {[%clk 0:21:42]} g4 {[%clk 0:21:56]} 52. Be5 {[%clk
0:21:32]} Bd8 {[%clk 0:18:28]} 53. Bd6 {[%clk 0:21:19]} Bb6 {[%clk 0:18:49]}
54. Be7 {[%clk 0:21:40]} Bc7 {[%clk 0:18:53]} 55. Bd6 {[%clk 0:22:06]} Bxd6
{[%clk 0:15:57]} 56. Kxd6 {[%clk 0:22:34]} Kf5 {[%clk 0:16:15]} 57. Kd5 {[%clk
0:22:21]} Kf4 {[%clk 0:16:23]} 58. Kd4 {[%clk 0:22:41]} h4 {[%clk 0:14:30]} 59.
Kd3 {[%clk 0:22:52]} h3 {[%clk 0:14:34]} 60. gxh3 {[%clk 0:23:06]} g3 {[%clk
0:14:33]} 1/2-1/2

[Event "DVM U16 2020"]
[Site "Willingen GER"]
[Date "2021.06.24"]
[Round "1"]
[White "Tao, Alexander"]
[Black "Khanbekyan, Areg"]
[Result "1/2-1/2"]
[Termination "normal"]
[Board "2.4"]
[WhiteElo "1631"]
[BlackElo "1576"]
[WhiteClock "00:45:22"]
[BlackClock "00:16:44"]
[WhiteTeam "SchVgg Blankenese von 1923 e.V."]
[BlackTeam "Greifswalder SV"]
[PlyCount "59"]
[WhiteFideId "34606033"]
[BlackFideId "12993727"]
[EventCountry "GER"]
[EventRounds "7"]
[EventType "team-swiss"]
[EventDate "2021.06.23"]

1. e4 {[%clk 1:30:56]} c5 {[%clk 1:30:48]} 2. Nc3 {[%clk 1:31:05]} Nc6 {[%clk
1:31:03]} 3. Bb5 {[%clk 1:31:15]} g6 {[%clk 1:31:00]} 4. f4 {[%clk 1:31:04]}
Bg7 {[%clk 1:31:03]} 5. Nf3 {[%clk 1:31:19]} e6 {[%clk 1:30:51]} 6. O-O {[%clk
1:30:47]} Nge7 {[%clk 1:30:46]} 7. d3 {[%clk 1:30:39]} O-O {[%clk 1:25:39]} 8.
Qe1 {[%clk 1:29:54]} d5 {[%clk 1:25:50]} 9. Kh1 {[%clk 1:27:06]} Nd4 {[%clk
1:18:20]} 10. Nxd4 {[%clk 1:24:08]} Bxd4 {[%clk 1:18:39]} 11. a3 {[%clk
1:21:32]} a6 {[%clk 1:17:29]} 12. Ba4 {[%clk 1:21:54]} b5 {[%clk 1:17:43]} 13.
Bb3 {[%clk 1:22:10]} c4 {[%clk 1:16:02]} 14. Ba2 {[%clk 1:18:17]} Bb7 {[%clk
1:06:31]} 15. exd5 {[%clk 1:08:39]} exd5 {[%clk 1:05:20]} 16. Ne2 {[%clk
1:08:25]} Nf5 {[%clk 0:50:35]} 17. Nxd4 {[%clk 1:06:11]} Nxd4 {[%clk 0:50:32]}
18. Qf2 {[%clk 1:06:19]} Nf5 {[%clk 0:44:00]} 19. d4 {[%clk 1:05:10]} Re8
{[%clk 0:40:07]} 20. c3 {[%clk 1:04:21]} Qe7 {[%clk 0:35:14]} 21. Bd2 {[%clk
1:02:56]} Qe2 {[%clk 0:27:46]} 22. Kg1 {[%clk 1:00:26]} Re7 {[%clk 0:26:07]}
23. Rae1 {[%clk 0:59:46]} Qxf2+ {[%clk 0:26:29]} 24. Kxf2 {[%clk 1:00:01]} Rae8
{[%clk 0:26:41]} 25. Bb1 {[%clk 0:58:37]} Nd6 {[%clk 0:24:19]} 26. Rxe7 {[%clk
0:55:20]} Rxe7 {[%clk 0:24:45]} 27. Re1 {[%clk 0:55:37]} Rxe1 {[%clk 0:19:03]}
28. Bxe1 {[%clk 0:54:33]} Ne4+ {[%clk 0:19:08]} 29. Ke3 {[%clk 0:51:03]} f5
{[%clk 0:16:44]} 30. Bxe4 {[%clk 0:45:22]} 1/2-1/2

[Event "DVM U16 2020"]
[Site "Willingen GER"]
[Date "2021.06.24"]
[Round "1"]
[White "Lohr, Maximilian"]
[Black "Schuh, Robert"]
[Result "0-1"]
[Termination "normal"]
[Board "3.2"]
[WhiteElo "2024"]
[BlackElo "1588"]
[WhiteClock "00:28:36"]
[BlackClock "00:18:08"]
[WhiteTeam "FC Ergolding 1932 e.V."]
[BlackTeam "FVS ASP Hoyerswerda"]
[PlyCount "58"]
[WhiteFideId "12999717"]
[BlackFideId "16215990"]
[EventCountry "GER"]
[EventRounds "7"]
[EventType "team-swiss"]
[EventDate "2021.06.23"]

1. e4 {[%clk 1:30:58]} e6 {[%clk 1:30:53]} 2. d4 {[%clk 1:31:15]} d5 {[%clk
1:31:15]} 3. Nc3 {[%clk 1:31:40]} dxe4 {[%clk 1:31:31]} 4. Nxe4 {[%clk
1:32:04]} Nd7 {[%clk 1:31:51]} 5. Nf3 {[%clk 1:31:39]} Ngf6 {[%clk 1:32:05]} 6.
Nxf6+ {[%clk 1:28:41]} Nxf6 {[%clk 1:32:24]} 7. Bd3 {[%clk 1:26:49]} Be7 {[%clk
1:31:48]} 8. O-O {[%clk 1:27:02]} O-O {[%clk 1:31:22]} 9. b3 {[%clk 1:26:37]}
c5 {[%clk 1:19:47]} 10. Bb2 {[%clk 1:25:24]} Qc7 {[%clk 1:16:16]} 11. c4 {[%clk
1:24:59]} Rd8 {[%clk 1:14:05]} 12. Qc2 {[%clk 1:24:45]} h6 {[%clk 1:06:03]} 13.
Rad1 {[%clk 1:18:46]} b6 {[%clk 1:00:27]} 14. dxc5 {[%clk 1:18:28]} bxc5 {[%clk
0:47:23]} 15. Be5 {[%clk 1:17:58]} Qb6 {[%clk 0:44:52]} 16. Nd2 {[%clk
1:10:37]} Bb7 {[%clk 0:43:55]} 17. f4 {[%clk 1:07:31]} Ng4 {[%clk 0:40:02]} 18.
Rde1 {[%clk 1:06:54]} Nxe5 {[%clk 0:39:58]} 19. fxe5 {[%clk 1:07:08]} Rf8
{[%clk 0:36:26]} 20. Ne4 {[%clk 1:05:45]} Rad8 {[%clk 0:35:27]} 21. Qe2 {[%clk
1:02:48]} Rd4 {[%clk 0:32:28]} 22. Bb1 {[%clk 1:00:06]} Qd8 {[%clk 0:30:36]}
23. Qh5 {[%clk 0:37:05]} Rxe4 {[%clk 0:26:21]} 24. Bxe4 {[%clk 0:37:07]} Qd4+
{[%clk 0:26:31]} 25. Kh1 {[%clk 0:37:05]} Bxe4 {[%clk 0:26:29]} 26. Rd1 {[%clk
0:36:06]} Qb2 {[%clk 0:23:32]} 27. Rg1 {[%clk 0:34:44]} Rd8 {[%clk 0:21:25]}
28. Rxd8+ {[%clk 0:30:09]} Bxd8 {[%clk 0:21:31]} 29. h4 {[%clk 0:28:36]} Bc7
{[%clk 0:18:08]} 0-1

[Event "DVM U16 2020"]
[Site "Willingen GER"]
[Date "2021.06.24"]
[Round "1"]
[White "Wende, Hugo"]
[Black "Astner, Sebastian"]
[Result "0-1"]
[Termination "normal"]
[Board "3.3"]
[WhiteElo "1599"]
[BlackElo "1894"]
[WhiteClock "00:46:49"]
[BlackClock "00:23:40"]
[WhiteTeam "FVS ASP Hoyerswerda"]
[BlackTeam "FC Ergolding 1932 e.V."]
[PlyCount "92"]
[WhiteFideId "16220030"]
[BlackFideId "12979422"]
[EventCountry "GER"]
[EventRounds "7"]
[EventType "team-swiss"]
[EventDate "2021.06.23"]

{[%evp 0,92,20,20,24,-11,30,16,44,22,38,25,25,4,15,10,59,73,89,80,71,77,50,56,
55,37,56,92,60,73,81,83,83,70,70,28,42,68,56,21,26,24,36,20,26,13,49,38,79,68,
78,-6,-19,18,20,-8,-3,-86,-162,-271,-37,-33,-61,-61,-16,-28,-24,-4,-3,-24,16,
-88,0,-96,-96,-118,-17,-5,-17,7,13,-3,18,-5,0,-452,-495,-539,-545,-542,-529,
-1228,-1294,-1311,-1316]} 1. d4 d5 2. c4 c6 3. Nc3 e6 4. Nf3 dxc4 5. e4 b5 6.
a4 Bb4 7. Be2 Bxc3+ 8. bxc3 Ne7 9. O-O O-O 10. Ba3 Re8 11. Qc2 a6 12. Rfd1 Bb7
13. Rab1 Qc7 14. e5 Nd5 15. Ng5 g6 16. Ne4 Nd7 17. Nd6 Reb8 18. Ne4 c5 19. Bxc5
Nxc5 20. Nxc5 Bc6 21. axb5 axb5 22. Bf3 Ra5 23. Qd2 Rba8 24. Ne4 Kg7 25. Qg5
Ra3 26. Rdc1 h6 27. Qg4 Rb3 28. Nc5 Rxc3 29. Qxe6 Rxc1+ 30. Rxc1 Qb6 31. Qg4
Ra7 32. h4 Ne7 33. Bxc6 Qxc6 34. h5 Nf5 35. hxg6 Qxg6 36. Qxg6+ Kxg6 37. d5 Rc7
38. Ne4 Nd4 39. Rd1 Nb3 40. d6 Rd7 41. Nf6 Rd8 42. d7 c3 43. Rd6 c2 44. Ne4+
Kg7 45. e6 c1=Q+ 46. Kh2 Qf4+ 0-1